|
|
|
|
| LEADER |
00000cas a2200000 a 4500 |
| 001 |
vtls001464994 |
| 003 |
SK-MaSNL |
| 005 |
20260228161229.0 |
| 008 |
031208d192619uuxo r 0 0b0lat |
| 035 |
|
|
|a SNK000420299
|
| 040 |
|
|
|a SNK
|b slo
|c SNK
|e AACR2
|
| 041 |
0 |
|
|a lat
|
| 043 |
|
|
|a e-xo---
|
| 044 |
|
|
|a xo
|c SK
|
| 072 |
|
7 |
|a 271/279
|x Kresťanské cirkvi, sekty, denominácie
|2 konspekt
|
| 080 |
|
|
|a 272/273
|2 2011
|
| 080 |
|
|
|a 050
|2 2011
|
| 080 |
|
|
|a (083.8)
|2 2011
|
| 080 |
|
|
|a (437.612)
|2 2011
|
| 245 |
0 |
0 |
|a Schematismus Venerabilis Cleri Administrationis Apostolicae Tyrnaviensis
|b pro anno...
|
| 260 |
|
|
|a Tyrnaviae
|b [ Typis ] Societatis Sancti Adalberti
|c [1926-19uu]
|
| 300 |
|
|
|a zv.
|
| 310 |
|
|
|a Periodicita nie je známa
|
| 362 |
0 |
|
|a [1926-19uu]
|z SKP
|
| 500 |
|
|
|a Súčasťou názvu je označenie roku
|
| 650 |
0 |
7 |
|a katolíci
|2 SNKPH
|9 4025
|
| 651 |
|
7 |
|a Trnava (Slovensko)
|2 SNKPHgeo
|9 19407
|
| 655 |
|
7 |
|a zoznamy
|2 SNKPH
|9 29645
|
| 752 |
|
|
|a Slovensko
|d Trnava
|
| 910 |
|
|
|a snk
|
| 999 |
|
|
|c 4746
|d 6676
|
| 952 |
|
|
|0 0
|1 0
|4 0
|7 0
|8 3
|a SNK
|b SNK
|d 2003-12-08
|i snkČSK 475/57
|l 0
|o snkČSC 465/1933
|p 17A0407857
|r 2005-01-02 00:00:00
|w 2026-02-21
|y PREZ
|
| 952 |
|
|
|0 0
|1 0
|4 0
|7 0
|a SNK
|b SNK
|d 2003-12-08
|i snk 787/43
|l 0
|o snkČSC 465/1938
|p 17A0407841
|r 2005-01-02 00:00:00
|w 2026-02-21
|y PREZ
|
| 952 |
|
|
|0 0
|1 0
|4 0
|7 0
|8 3
|a SNK
|b SNK
|d 2003-12-08
|i snkK 1380/67
|l 0
|o snkČSC 465/1944
|p 17A0407840
|r 2005-01-02 00:00:00
|w 2026-02-21
|y PREZ
|
| 952 |
|
|
|0 0
|1 0
|4 0
|7 0
|8 5
|a SNK
|b SNK
|d 2004-04-14
|i snkF 4316/70
|l 0
|o snkČSC 465/1927
|p 17A0425605
|r 2005-01-02 00:00:00
|w 2026-02-21
|y PREZ
|
| 952 |
|
|
|0 0
|1 0
|3 rekatalogizácia
|4 0
|7 0
|8 5
|a SNK
|b SNK
|d 2005-10-19
|i snkČSF 628/57
|l 0
|o snkČSC 465/1933 D1
|p 17A0486729
|r 2026-02-21 21:10:21
|w 2026-02-21
|y PREZ
|
| 952 |
|
|
|0 0
|1 0
|3 rekatalogizácia
|4 0
|7 0
|8 3
|a SNK
|b SNK
|d 2005-10-19
|i snkK 5042/72
|l 0
|o snkČSC 465/1938 D1
|p 17A0486813
|r 2026-02-21 21:10:21
|w 2026-02-21
|y PREZ
|
| 952 |
|
|
|0 0
|1 0
|3 rekatalogizácia
|4 0
|7 0
|8 1
|a SNK
|b SNK
|d 2005-10-19
|i snkD 1942/61
|l 0
|o snkČSC 465/1944 D1
|p 17A0486812
|r 2026-02-21 21:10:21
|w 2026-02-21
|y PREZ
|
| 952 |
|
|
|0 0
|1 0
|3 rekatalogizácia
|4 0
|7 0
|a SNK
|b SNK
|d 2005-10-19
|i snkD 237/68
|l 0
|o snkČSC 465/1948 D1
|p 17A0486732
|r 2026-02-21 21:10:21
|w 2026-02-21
|y PREZ
|
| 952 |
|
|
|0 0
|1 0
|4 0
|7 0
|8 5
|a SNK
|b SNK
|d 2014-06-12
|i snkF 4315/70
|l 0
|o snkČSC 465/1927 D1
|p 17A0823551
|r 2026-02-21 21:14:44
|w 2026-02-21
|y PREZ
|
| 952 |
|
|
|0 0
|1 0
|4 0
|7 0
|a SNK
|b SNK
|d 2004-04-14
|i snk 5648/48
|l 0
|o snkČSC 465/1948
|p 17A0425583
|r 2005-01-02 00:00:00
|w 2026-02-21
|y PREZ
|